000 01009nam2a2200241 4500
001 RU\NLR\bibl\1241045
005 20250615121319.0
010 _a978-5-358-04760-0
_bч. 1
_95000
021 _aRU
_b2008-31050
_91716
035 _a(NLR Aleph) 001227235
090 _a175763
_c175763
100 _a20080616d2008 |||y0rusy50 ca
101 0 _arus
102 _aRU
105 _aa |||||||||
200 0 _aЧ. 1
215 _a175 с.
_cцв. ил.
461 0 _1001RU\NLR\bibl\1280799
_12001#$aРусский язык$vЧ. 1
_9412489
_aГородилова, Г. Г. (1922-2013)
_cМосква
_d2008
_e2-е изд., стер.
_fГ.Г. Городилова, Х.Х. Амшоков, С.К. Амшокова
_nДрофа
_o2 класс : учебник : для школ абхазо-адыгейской языковой группы : в 2 ч.
_tРусский язык
_y978-5-358-04761-7
_vЧ. 1
801 0 _aRU
_bNLR
_c20080616
_gRCR
801 1 _aRU
_bNLR
_c20080616
942 _cBOOK
980 _aNB